000 00514nam a2200181Ia 4500
008 090123s9999 xx 000 0 und d
082 _b16898
_a891.463/साठे
100 _aसाठे माया
245 _aउर्मिला
250 _a1
260 _bप्रिया प्रकाशन
_c1989
300 _a199
600 _aसाठे माया
630 _aउर्मिला
700 _aसाठे माया
730 _aउर्मिला
942 _cBOOK
999 _c54958
_d54958